=LDR 00000nam 2200000 4500 =001 INLIS000000000033769 =005 20130612135715 =008 ***********************************ind** =035 ##$$0010-061300000033769 =041 ##$$a ind =082 ##$$a 904.031 =090 ##$$a 904.031, Ama e =100 ##$$a AMALIA, Farah =245 ##$$a Ensiklopedi Bencana : Catatan - Catatan Bencana Terburuk Dalam Sejarah Dunia ( 165 - 2009 )/ Farah Amalia ; editor, Rose Kusumaningratri =260 ##$$a 2010 $b Yogyakarta =300 ##$$a 118 hlm, ilus, 2010 =650 ##$$a Bencana - Ensiklopedi =700 ##$$a Kusumaningratri, Rose =850 ##$$a NBPNMAT =990 ##$$a 0001/BPAP-NTB/2016